The Eternities: (Record no. 194995)

MARC details
000 -LEADER
fixed length control field 00510nam a22001817a 4500
005 - DATE AND TIME OF LATEST TRANSACTION
control field 20230207150110.0
010 ## - LCCN (DPL NO)
LC control number ENG-136143
020 ## - INTERNATIONAL STANDARD BOOK NUMBER
International Standard Book Number 9788190617949
Terms of availability 400.00
035 ## - SYSTEM CONTROL NUMBER
System control number EN-119675
037 ## - SOURCE OF ACQUISITION
Source of stock number/acquisition DBAD/PUB
082 ## - DEWEY DECIMAL CLASSIFICATION NUMBER
Classification number 181.48
100 ## - MAIN ENTRY--PERSONAL NAME
Personal name Parthasarathy, A.
245 ## - TITLE STATEMENT
Title The Eternities:
Remainder of title Vedanta Treatise/
Statement of responsibility, etc A. Parthasarathy
260 ## - PUBLICATION, DISTRIBUTION, ETC. (IMPRINT)
Place of publication, distribution, etc Mumbai
Name of publisher, distributor, etc A. Parthasarthy
Date of publication, distribution, etc 2009
270 ## - ADDRESS
Address 1A Landsend
City Mumbai
Postal code 400006
300 ## - PHYSICAL DESCRIPTION
Extent 351p.
Dimensions 22cm(pbk)
942 ## - ADDED ENTRY ELEMENTS (KOHA)
Source of classification or shelving scheme Dewey Decimal Classification
Item type English Books
Classification part 181.48
Call number suffix PAR
Holdings
Withdrawn status Lost status Not for loan Collection code Home library Current library Date acquired Source of acquisition Cost, normal purchase price Full call number Barcode Copy number Cost, replacement price Koha item type
      Non-fiction Diz Area Diz Area 07/02/2023 DBAD/PUB 400.00 181.48 PAR EN-119675 1 400.00 English Books

© Delhi Public Library
Hit Counter
free hit counter